LEADER 01018nam a2200289 i 4500 001 991002686789707536 005 20020508204323.0 008 000220s1975 it ||| | ita 035 $ab11045577-39ule_inst 035 $aPARLA167145$9ExL 040 $aDip.to Filosofia$bita 082 0 $a155.34 100 1 $aBastin, Georges$0128468 245 10$aDizionario di psicologia sessuale /$cGeorges Bastin 260 $aBrescia :$bLa scuola,$c[1975] 300 $a483 p. ;$c22 cm. 440 2$aL'età evolutiva ;$v33 500 $aTrad. C. Currado 500 $aTit. orig.: Dictionnaire de la psycologie sexuelle 650 4$aSesso$xEnciclopedie e dizionari 700 1 $aCurrado, Cesare 907 $a.b11045577$b02-04-14$c28-06-02 912 $a991002686789707536 945 $aLE005IF XXX A 73$g1$i2005000109300$lle005$o-$pE0.00$q-$rn$so $t0$u1$v0$w1$x0$y.i11169539$z28-06-02 996 $aDizionario di psicologia sessuale$9858929 997 $aUNISALENTO 998 $ale005$b01-01-00$cm$da $e-$fita$git $h0$i1